Разведчик Николай Кузнецов

Dades bibliogràfiques
Autor principal: Брюханова Л. И. Лидия Ивановна
Altres autors: Кузнецов В. И. Виктор Иванович
Sumari:Лит. запись Н. А. Данилина
Исключено из фонда НТБ ТПУ
Idioma:rus
Publicat: Свердловск, Средне-Уральское кн. изд-во, 1972
Edició:3-е изд.
Matèries:
Format: MixedMaterials Llibre
KOHA link:https://koha.lib.tpu.ru/cgi-bin/koha/opac-detail.pl?biblionumber=73954

MARC

LEADER 00000nam0a2200000 4500
001 73954
005 20231031084828.0
035 |a (RuTPU)RU\TPU\book\78887 
090 |a 73954 
100 |a 20050224d1972 m y0rusy50 ca 
101 0 |a rus 
102 |a RU 
105 |a a z 000zb 
200 1 |a Разведчик Николай Кузнецов  |f Л. И. Брюханова, В. И. Кузнецов 
205 |a 3-е изд. 
210 |a Свердловск  |c Средне-Уральское кн. изд-во  |d 1972 
215 |a 176 с.  |c ил. 
300 |a Лит. запись Н. А. Данилина 
320 |a Библиогр.: с. 175. 
333 |a Исключено из фонда НТБ ТПУ 
600 1 |a Кузнецов  |b Н. И.  |c советский разведчик  |f 1911-1944  |g Николай Иванович  |c Герой Советского Союза  |2 stltpush  |3 (RuTPU)RU\TPU\pers\12748 
700 1 |a Брюханова  |b Л. И.  |g Лидия Ивановна 
701 1 |a Кузнецов  |b В. И.  |g Виктор Иванович 
801 1 |a RU  |b 63413507  |c 20050224  |g PSBO 
801 2 |a RU  |b 63413507  |c 20130321  |g PSBO 
942 |c BK